header

Experimentation and interpretation (Record no. 9034)

MARC details
000 -LEADER
fixed length control field 02940nam a2200457 a 4500
001 - CONTROL NUMBER
control field ebr10695225
003 - CONTROL NUMBER IDENTIFIER
control field CaPaEBR
006 - FIXED-LENGTH DATA ELEMENTS--ADDITIONAL MATERIAL CHARACTERISTICS--GENERAL INFORMATION
fixed length control field m u
007 - PHYSICAL DESCRIPTION FIXED FIELD--GENERAL INFORMATION
fixed length control field cr cn|||||||||
008 - FIXED-LENGTH DATA ELEMENTS--GENERAL INFORMATION
fixed length control field 100928s2010 enka sb 100 0 eng d
010 ## - LIBRARY OF CONGRESS CONTROL NUMBER
Canceled/invalid LC control number 2010041655
020 ## - INTERNATIONAL STANDARD BOOK NUMBER
Cancelled/invalid ISBN 9781842173992 (pbk.)
Cancelled/invalid ISBN 9781842178423 (e-book)
040 ## - CATALOGING SOURCE
Original cataloging agency CaPaEBR
Transcribing agency CaPaEBR
035 ## - SYSTEM CONTROL NUMBER
System control number (OCoLC)846945605
043 ## - GEOGRAPHIC AREA CODE
Geographic area code e------
-- e-uk-en
050 14 - LIBRARY OF CONGRESS CALL NUMBER
Classification number CC81.5
Item number .E965 2010eb
082 04 - DEWEY DECIMAL CLASSIFICATION NUMBER
Classification number 930.1
Edition number 22
245 00 - TITLE STATEMENT
Title Experimentation and interpretation
Medium [electronic resource] :
Remainder of title the use of experimental archaeology in the study of the past /
Statement of responsibility, etc edited by Dana C.E. Millson.
260 ## - PUBLICATION, DISTRIBUTION, ETC. (IMPRINT)
Place of publication, distribution, etc Oxford ;
-- Oakville, Conn. :
Name of publisher, distributor, etc Oxbow Books,
Date of publication, distribution, etc c2010.
300 ## - PHYSICAL DESCRIPTION
Extent 142 p. :
Other physical details ill.
500 ## - GENERAL NOTE
General note Papers from a session held at the annual Theoretical Archaeological Group (TAG) Conference in Southampton, England, Dec. 2008.
504 ## - BIBLIOGRAPHY, ETC. NOTE
Bibliography, etc Includes bibliographical references.
505 0# - FORMATTED CONTENTS NOTE
Formatted contents note Introduction / Dana C.E. Millson -- Cache or carry : food storage in prehistoric Europe / Penny Cunningham -- Creating a history of experimental archaeology / Jodi Reeves Flores -- Breaking the sound barrier : new directions for complexity, transformation, and reconstructive practice in experimental Neolithic archaeoacousitics / Claire Marshall -- Experimental archaeology after simplicity : implications for reflexivity of insights that a "common world" is not a "given" / Stephanie Koerner -- Experiment or demonstration? : making fermentable malt sugars from the grain and a discussion of some of the evidence for this activity in the British Neolithic / Merryn Dineley -- Experiments in beaker construction technologies / Harriet Hammersmith -- Luminescence dating of medieval brick from Essex : an example of the physical sciences addressing archaeological questions / Thomas Gurling.
533 ## - REPRODUCTION NOTE
Type of reproduction Electronic reproduction.
Place of reproduction Palo Alto, Calif. :
Agency responsible for reproduction ebrary,
Date of reproduction 2013.
Note about reproduction Available via World Wide Web.
-- Access may be limited to ebrary affiliated libraries.
650 #0 - SUBJECT ADDED ENTRY--TOPICAL TERM
Topical term or geographic name as entry element Experimental archaeology
Geographic subdivision Europe
Form subdivision Congresses.
Topical term or geographic name as entry element Experimental archaeology
Geographic subdivision England
Form subdivision Congresses.
Topical term or geographic name as entry element Excavations (Archaeology)
Geographic subdivision Europe
Form subdivision Congresses.
Topical term or geographic name as entry element Excavations (Archaeology)
Geographic subdivision England
Form subdivision Congresses.
Topical term or geographic name as entry element Material culture
Geographic subdivision Europe
General subdivision History
Form subdivision Congresses.
Topical term or geographic name as entry element Material culture
Geographic subdivision England
General subdivision History
Form subdivision Congresses.
Topical term or geographic name as entry element Archaeology
General subdivision Methodology
Form subdivision Congresses.
Topical term or geographic name as entry element Archaeology
General subdivision Philosophy
Form subdivision Congresses.
651 #0 - SUBJECT ADDED ENTRY--GEOGRAPHIC NAME
Geographic name Europe
General subdivision Antiquities
Form subdivision Congresses.
Geographic name England
General subdivision Antiquities
Form subdivision Congresses.
655 #7 - INDEX TERM--GENRE/FORM
Genre/form data or focus term Electronic books.
Source of term local
700 1# - ADDED ENTRY--PERSONAL NAME
Personal name Millson, Dana C. E.
710 2# - ADDED ENTRY--CORPORATE NAME
Corporate name or jurisdiction name as entry element Theoretical Archaeology Group (England).
Subordinate unit Conference
Date of meeting or treaty signing (2008 :
Location of meeting Southampton, England)
Corporate name or jurisdiction name as entry element ebrary, Inc.
856 40 - ELECTRONIC LOCATION AND ACCESS
Uniform Resource Identifier <a href="http://site.ebrary.com/lib/rucke/Doc?id=10695225">http://site.ebrary.com/lib/rucke/Doc?id=10695225</a>
Public note An electronic book accessible through the World Wide Web; click to view

No items available.

© 2026 Rongo University
Contact us: librarian | system librarian | Rongo university